000 00828nam a22001577a 4500
003 OSt
005 20150918111306.0
008 150918b xxu||||| |||| 00| 0 eng d
040 _cRUA
082 _aAGR SUN 2006 BOO33 Or.1
100 _9748
_aSUN, VIBOL
245 _aCmparison of new and farmer's thichnique of growing straw mushroom in crop station of royal university of agricultre,(ប្រៀបធៀបបច្ចេកទេសដាំដុះដំណាំផ្សិតចំបើងថ្មី និងបច្ចេកទេសរបស់កសិករ នៅក្នុងស្ថានីយ៍ពិសោធន៍នៃកសាកលវិទ្យាល័យភូមិន្ធកសិកម្ម).
260 _aphnom phen
_bRUA
_c2006
300 _aX, 38P.
_bILL.
_c29CM.
942 _2ddc
_cAGR
999 _c719
_d719